[Event "BL2 Ost 1819 (Women)"]
[Site "Germany"]
[Date "2019.01.12"]
[Round "6.6"]
[White "Oswald, Lena"]
[Black "Schiffer, Sabine"]
[Result "1-0"]
[WhiteElo "1675"]
[BlackElo "1781"]
[PlyCount "111"]
[EventDate "2018.10.27"]
[EventType "team-tourn"]
[EventRounds "7"]
[EventCountry "GER"]
[SourceTitle "CBM 190 Extra"]
[Source "ChessBase"]
[SourceDate "2019.07.15"]
[SourceVersion "1"]
[SourceVersionDate "2019.07.15"]
[SourceQuality "1"]
[WhiteTeam "Leipzig SG (W)"]
[BlackTeam "Niederwiesa Gruen Weiss (W)"]
[WhiteTeamCountry "GER"]
[BlackTeamCountry "GER"]

1. e4 c5 2. Nf3 Nc6 3. d4 cxd4 4. Nxd4 g6 5. Nxc6 bxc6 6. Qd4 f6 7. Bc4 Qb6 8. Qd3 e5 9. 0-0 Bb7 10. Nc3 Qc7 11. Be3 Nh6 12. Rad1 Ng4 13. Bc1 Bh6 14. Qf3 Bxc1 15. Rxc1 Nh6 16. Qxf6 Rf8 17. Qh4 d5 18. Nxd5 cxd5 19. Bb5+ Kf7 20. Qxh6 Kg8 21. exd5 Bxd5 22. c4 Bb7 23. c5 Bxg2 24. Bc4+ Kh8 25. Kxg2 Qxc5 26. Bb3 Qb6 27. Qe3 Qb7+ 28. Kg1 Qe7 29. Rc3 Rf4 30. Kh1 Raf8 31. Qg3 Qb7+ 32. Qg2 Qb6 33. Kg1 Qd4 34. Rg3 Qxb2 35. Rg4 R4f5 36. Rh4 g5 37. Rh5 Qd2 38. Qh3 Qd7 39. Bc2 R5f7 40. Qxd7 Rxd7 41. Rxg5 Rd2 42. Bb3 Re2 43. Kh1 h6 44. Rg2 e4 45. Kg1 Re8 46. Rg3 e3 47. Rxe3 R2xe3 48. fxe3 Rxe3 49. Rf6 Re7 50. Rxh6+ Kg7 51. Rd6 Rb7 52. Kf2 Kf8 53. Kg3 Rg7+ 54. Kf4 Ke7 55. Ra6 Kf8 56. h4 1-0

[Event "GER-chT U20 Girls"]
[Site "Duesseldorf"]
[Date "2017.12.28"]
[Round "3.4"]
[White "Mylke, Sandy Michelle"]
[Black "Oswald, Lena"]
[Result "0-1"]
[WhiteElo "1350"]
[BlackElo "1679"]
[PlyCount "102"]
[EventDate "2017.12.26"]
[EventType "team-swiss"]
[EventRounds "7"]
[EventCountry "GER"]
[SourceTitle "CBM 182 Extra"]
[Source "ChessBase"]
[SourceDate "2018.02.23"]
[SourceVersion "1"]
[SourceVersionDate "2018.02.23"]
[SourceQuality "1"]
[WhiteTeam "Leegebruch"]
[BlackTeam "Leipzig SG"]
[WhiteTeamCountry "GER"]
[BlackTeamCountry "GER"]

1. d4 d5 2. e3 e6 3. c3 Nf6 4. Bd3 Be7 5. f4 c5 6. Nf3 c4 7. Bc2 0-0 8. 0-0 Nc6 9. Nbd2 b5 10. Ne5 Qc7 11. Rf3 Re8 12. Rh3 g6 13. Qf3 b4 14. g4 Nb8 15. g5 Nfd7 16. Qg4 Nf8 17. Ndf3 Nbd7 18. Qh4 Rd8 19. Qh6 bxc3 20. bxc3 Rb8 21. Nh4 Nxe5 22. fxe5 Qa5 23. Bd2 Rb2 24. Nxg6 fxg6 25. Bxg6 hxg6 26. Qh8+ Kf7 27. Rf1+ Ke8 28. Rhf3 Kd7 29. Be1 Re8 30. Qg7 Qd8 31. h4 Kc6 32. Qf7 Rxa2 33. Qf4 a5 34. e4 Ra3 35. Bd2 a4 36. Re3 Rb3 37. Ree1 a3 38. Ra1 dxe4 39. Qxe4+ Qd5 40. Qe2 Nd7 41. h5 gxh5 42. Qxh5 Rf8 43. g6 Rxf1+ 44. Kxf1 Bf8 45. Kg1 Rb2 46. Qd1 Nb6 47. Qc1 Qe4 48. Kf1 Qxg6 49. Ke2 Qg2+ 50. Kd1 Qf1+ 51. Be1 Qf4 0-1

[Event "GER-chT U20 Girls"]
[Site "Duesseldorf"]
[Date "2017.12.28"]
[Round "4.4"]
[White "Oswald, Lena"]
[Black "Bosse, Lea"]
[Result "1-0"]
[WhiteElo "1679"]
[BlackElo "1735"]
[PlyCount "119"]
[EventDate "2017.12.26"]
[EventType "team-swiss"]
[EventRounds "7"]
[EventCountry "GER"]
[SourceTitle "CBM 182 Extra"]
[Source "ChessBase"]
[SourceDate "2018.02.23"]
[SourceVersion "1"]
[SourceVersionDate "2018.02.23"]
[SourceQuality "1"]
[WhiteTeam "Leipzig SG"]
[BlackTeam "Stetten"]
[WhiteTeamCountry "GER"]
[BlackTeamCountry "GER"]

1. e4 e6 2. d4 d5 3. Nd2 Be7 4. c3 c5 5. exd5 exd5 6. dxc5 Bxc5 7. Ngf3 Nc6 8. Nb3 Bb6 9. Be2 Nge7 10. 0-0 0-0 11. Nbd4 Nf5 12. Nxf5 Bxf5 13. Bd3 Qd7 14. Bxf5 Qxf5 15. Re1 Rad8 16. Be3 Bc7 17. Nd4 Nxd4 18. Bxd4 Bb8 19. Qe2 b6 20. Rad1 Rd6 21. Qe5 Qxe5 22. Rxe5 Rh6 23. Rxd5 Bxh2+ 24. Kf1 Bb8 25. Ke2 Re8+ 26. Be3 Rhe6 27. Kf1 h6 28. c4 Rf6 29. Rd8 Rfe6 30. c5 Bc7 31. Rxe8+ Rxe8 32. Rd7 Rc8 33. b4 bxc5 34. Bxc5 Bb6 35. a4 Bxc5 36. bxc5 a5 37. Rd5 Rc6 38. Ke2 Kf8 39. Kd3 Ke7 40. Kc4 Ke6 41. Rd2 Rc8 42. Kb5 Rb8+ 43. Ka6 Rc8 44. Rd6+ Ke7 45. Kb5 Rb8+ 46. Rb6 Ra8 47. Rb7+ Ke8 48. c6 g5 49. Kb6 Rc8 50. Rd7 Rb8+ 51. Kxa5 Rb2 52. Rd5 Rc2 53. Kb6 Rb2+ 54. Rb5 Rc2 55. Kb7 Kd8 56. a5 Ke7 57. c7 Kd7 58. Rd5+ Ke6 59. c8Q+ Rxc8 60. Kxc8 1-0

[Event "GER-chT U14 Girls"]
[Site "Duesseldorf"]
[Date "2016.12.28"]
[Round "3.2"]
[White "Sokolowski, Judith"]
[Black "Oswald, Lena"]
[Result "0-1"]
[WhiteElo "1527"]
[BlackElo "1510"]
[PlyCount "76"]
[EventDate "2016.12.27"]
[EventType "team-swiss"]
[EventRounds "7"]
[EventCountry "GER"]
[SourceTitle "EXT 2018"]
[Source "ChessBase"]
[SourceDate "2017.10.13"]
[SourceVersion "1"]
[SourceVersionDate "2017.10.13"]
[SourceQuality "1"]
[WhiteTeam "Duesseldorf SK"]
[BlackTeam "Leipzig SG"]
[WhiteTeamCountry "GER"]
[BlackTeamCountry "GER"]

1. e4 c5 2. Nf3 Nc6 3. d4 cxd4 4. Nxd4 Nf6 5. Nc3 g6 6. Nxc6 bxc6 7. e5 Ng8 8. Bc4 d5 9. exd6 exd6 10. 0-0 d5 11. Re1+ Be6 12. Nxd5 cxd5 13. Bxd5 Rc8 14. Qf3 Qd7 15. Bg5 Be7 16. Rad1 Qb5 17. Bxe6 fxe6 18. Bxe7 Kxe7 19. Qe3 Qb6 20. Qe5 Nf6 21. Rd2 Rhd8 22. Rde2 Rd6 23. Kh1 Kf7 24. h3 Qc5 25. Qg3 Rcd8 26. Qb3 Qd5 27. Qa4 R8d7 28. b3 Qc6 29. Qf4 Rd1 30. Rxd1 Rxd1+ 31. Kh2 Qd6 32. Qxd6 Rxd6 33. c4 Ke7 34. Kg3 Rd4 35. Kf3 Kd6 36. g3 Rd3+ 37. Kf4 h6 38. Rc2 g5# 0-1

[Event "GER-chT U14 Girls"]
[Site "Duesseldorf"]
[Date "2016.12.27"]
[Round "2.2"]
[White "Oswald, Lena"]
[Black "Naumenko, Valerija"]
[Result "1-0"]
[WhiteElo "1510"]
[BlackElo "1317"]
[PlyCount "49"]
[EventDate "2016.12.27"]
[EventType "team-swiss"]
[EventRounds "7"]
[EventCountry "GER"]
[SourceTitle "EXT 2018"]
[Source "ChessBase"]
[SourceDate "2017.10.13"]
[SourceVersion "1"]
[SourceVersionDate "2017.10.13"]
[SourceQuality "1"]
[WhiteTeam "Leipzig SG"]
[BlackTeam "Hemer"]
[WhiteTeamCountry "GER"]
[BlackTeamCountry "GER"]

1. e4 e5 2. Nf3 Nf6 3. Nc3 Nc6 4. d4 exd4 5. Nxd4 Bb4 6. Nxc6 bxc6 7. Bd3 0-0 8. 0-0 Bxc3 9. bxc3 h6 10. e5 Nd5 11. Bd2 d6 12. f4 f6 13. Qh5 f5 14. Rae1 Kh7 15. e6 g6 16. Qe2 Ne7 17. Ba6 Bxa6 18. Qxa6 Qc8 19. Qxc8 Raxc8 20. Rb1 Rb8 21. Be3 c5 22. Bd2 Kg7 23. Rfe1 Kf6 24. c4 c6 25. Bc3# 1-0

[Event "GER-chT U14 Girls"]
[Site "Magdeburg"]
[Date "2015.12.28"]
[Round "3.1"]
[White "Oswald, Lena"]
[Black "Seeburger, Milena"]
[Result "1-0"]
[WhiteElo "1474"]
[BlackElo "1314"]
[PlyCount "121"]
[EventDate "2015.12.27"]
[EventType "team-swiss"]
[EventRounds "7"]
[EventCountry "GER"]
[SourceTitle "EXT 2017"]
[Source "ChessBase"]
[SourceDate "2016.10.25"]
[SourceVersion "1"]
[SourceVersionDate "2016.10.25"]
[SourceQuality "1"]
[WhiteTeam "Leipzig SG"]
[BlackTeam "Ersingen"]
[WhiteTeamCountry "GER"]
[BlackTeamCountry "GER"]

1. e4 e5 2. Nf3 Nc6 3. Bc4 Bc5 4. c3 Nf6 5. d3 0-0 6. Bb3 d6 7. 0-0 h6 8. Nbd2 b5 9. Re1 a5 10. Nf1 Ra6 11. Ng3 Bg4 12. h3 Bh5 13. Nxh5 Nxh5 14. a3 Kh7 15. d4 Ba7 16. dxe5 dxe5 17. Qxd8 Nxd8 18. Nxe5 Re8 19. Ng4 f5 20. Ne3 Rxe4 21. Bd2 Rd6 22. Rad1 Bxe3 23. Bxe3 Nf6 24. Rxd6 cxd6 25. Rd1 Nb7 26. Bc2 Re5 27. Kf1 h5 28. Bf4 Rd5 29. Bg5 Rxd1+ 30. Bxd1 Ne4 31. Be3 g6 32. Be2 Kg8 33. Bxb5 Kf7 34. Bc6 Nbc5 35. Bd5+ Ke7 36. Ke2 Na4 37. Bxe4 fxe4 38. Bc1 Ke6 39. Kd2 Nc5 40. b4 axb4 41. axb4 Nb3+ 42. Kc2 Nxc1 43. Kxc1 Kd5 44. Kd2 g5 45. Ke3 Ke5 46. c4 d5 47. cxd5 Kxd5 48. b5 Kc5 49. Kxe4 Kxb5 50. Kf5 g4 51. hxg4 hxg4 52. Kxg4 Kc5 53. Kf5 Kd6 54. g4 Ke7 55. g5 Kf7 56. g6+ Kg7 57. f3 Kg8 58. Kf6 Kf8 59. g7+ Kg8 60. f4 Kh7 61. Kf7 1-0

[Event "GER-chT U14 Girls"]
[Site "Magdeburg"]
[Date "2014.06.28"]
[Round "5.4"]
[White "Von Jan, Lena"]
[Black "Oswald, Lena"]
[Result "1-0"]
[WhiteElo "1373"]
[BlackElo "1045"]
[PlyCount "83"]
[EventDate "2013.12.27"]
[EventType "team-swiss"]
[EventRounds "4"]
[EventCountry "GER"]
[SourceTitle "EXT 2022"]
[Source "ChessBase"]
[SourceDate "2021.10.06"]
[SourceVersion "1"]
[SourceVersionDate "2021.10.06"]
[SourceQuality "1"]
[WhiteTeam "Wilkau Hasslau Muldental"]
[BlackTeam "Leipzig SG"]
[WhiteTeamCountry "GER"]
[BlackTeamCountry "GER"]

1. e4 c5 2. Nf3 d6 3. d4 cxd4 4. Nxd4 Nf6 5. Nc3 g6 6. Be3 Bg7 7. f3 Nc6 8. Qd2 0-0 9. Bc4 Bd7 10. 0-0-0 Rc8 11. Bb3 Ne5 12. Qe2 a5 13. h4 h5 14. g4 hxg4 15. Qf2 gxf3 16. Qd2 Neg4 17. Nxf3 Nxe3 18. Qxe3 Bg4 19. Rdg1 Bxf3 20. Qxf3 Nh5 21. Rxg6 e6 22. Rg5 Nf6 23. Rhg1 Ne8 24. Ba4 Kh7 25. Bxe8 Bh6 26. Qh5 Qxe8 27. Kd1 Rg8 28. Rxg8 Qxg8 29. Rxg8 Rxg8 30. Qxf7+ Rg7 31. Qxe6 Rg1+ 32. Ke2 Rg2+ 33. Kf3 Rg6 34. Qf7+ Rg7 35. Qf5+ Kg8 36. Qe6+ Kh7 37. Qxd6 Rf7+ 38. Ke2 Rg7 39. Nd1 Rg2+ 40. Nf2 Rg6 41. Qc7+ Rg7 42. Qxa5 1-0

[Event "GER-chT U14 Girls"]
[Site "Magdeburg"]
[Date "2013.12.27"]
[Round "2.4"]
[White "Janke, Luisa"]
[Black "Oswald, Lena"]
[Result "0-1"]
[WhiteElo "1401"]
[BlackElo "1045"]
[PlyCount "98"]
[EventDate "2013.12.27"]
[EventType "team-swiss"]
[EventRounds "4"]
[EventCountry "GER"]
[SourceTitle "EXT 2015"]
[Source "ChessBase"]
[SourceDate "2014.11.20"]
[SourceVersion "1"]
[SourceVersionDate "2014.11.20"]
[SourceQuality "1"]
[WhiteTeam "Harksheide"]
[BlackTeam "Leipzig SG"]
[WhiteTeamCountry "GER"]
[BlackTeamCountry "GER"]

1. d4 d5 2. Nf3 Nf6 3. Bf4 Bf5 4. Nc3 a6 5. e3 Nbd7 6. Be2 e6 7. 0-0 Be7 8. Ne5 0-0 9. Re1 Bd6 10. Bf3 c5 11. Nxd7 Qxd7 12. Bxd6 Qxd6 13. dxc5 Qxc5 14. e4 dxe4 15. Bxe4 Rad8 16. Qf3 Bg4 17. Qe3 Qxe3 18. Rxe3 Nxe4 19. Rxe4 Bf5 20. Re2 Rd7 21. h3 Rfd8 22. Rae1 Rd2 23. Rxd2 Rxd2 24. Rd1 Rxd1+ 25. Nxd1 Bxc2 26. Ne3 Bd3 27. f3 f6 28. Kf2 Kf7 29. Ke1 h6 30. Kd2 Bh7 31. Nc4 Ke7 32. b4 Kd7 33. a4 Kc6 34. Na5+ Kc7 35. Kc3 e5 36. Nb3 b6 37. Kc4 Bc2 38. Kc3 Bxb3 39. Kxb3 Kc6 40. Kc4 b5+ 41. axb5+ axb5+ 42. Kd3 Kd5 43. Kc3 e4 44. fxe4+ Kxe4 45. g4 g6 46. h4 f5 47. g5 hxg5 48. hxg5 f4 49. Kd2 Kf3 0-1